عرض عادي
عرض مارك
- Security, International
دخول Topical Term
001 - CONTROL NUMBER
- control field: 14169
003 - CONTROL NUMBER IDENTIFIER
- control field: AE-AdECS
005 - DATE AND TIME OF LATEST TRANSACTION
- control field: 20250414122250.0
008 - FIXED-LENGTH DATA ELEMENTS
- fixed length control field: 250414|| aca||aabn | a|a d
040 ## - CATALOGING SOURCE
- Original cataloging agency: AE-AdECS
- Transcribing agency: AE-AdECS
150 ## - HEADING--TOPICAL TERM
- Topical term or geographic name entry element: Security, International
- Geographic subdivision: Pacific Area
670 ## - SOURCE DATA FOUND
- Source citation: Work cat.: (AE-AdECS)289880: Wallis, Joanne. 14041, Security Cooperation in the Pacific Islands :
